|
|
|
|
| LEADER |
00000nam a2200000 4500 |
| 008 |
191210b2012 cr ||||| |||| 00| | spa d |
| 999 |
|
|
|c 3830
|d 3830
|
| 090 |
|
|
|a 06.05.01
|b 795
|
| 100 |
|
|
|9 4651
|a Rojas Umaña, Karolina
|
| 245 |
|
|
|a Contribución del sistema educativo formal en temas de preparación para la vida y el envejecimiento exitoso: perspectiva institucional /
|c Karolina Rojas Umaña; Xinia Fernández Rojas
|
| 260 |
|
|
|a San José, Costa Rica :
|b INIE,
|c 2012
|
| 300 |
|
|
|a 1 volunen (sin paginar)
|
| 500 |
|
|
|a Informe final Proyecto de investigación No.724-B0-116.
|
| 650 |
|
0 |
|9 4059
|a EDUCACIÓN FORMAL
|
| 650 |
|
0 |
|9 3974
|a CALIDAD DE LA VIDA
|
| 700 |
|
|
|9 4652
|a Fernández Rojas, Xinia
|
| 942 |
|
|
|i 00219,00222
|h 06.05.01 795
|2 z
|c 04
|